Teoría del desarrollo capitalista / (Registro nro. 149117)

Detalles MARC
000 -LEADER
campo de control de longitud fija 00569nam a2200181 4500
001 - NÚMERO DE CONTROL
campo de control 149117
003 - IDENTIFICADOR DE NÚMERO DE CONTROL
campo de control ES-MaACL
005 - FECHA Y HORA DE LA ÚLTIMA TRANSACCIÓN
campo de control 20230906202946.0
007 - CAMPO FIJO DE DESCRIPCIÓN FÍSICA--INFORMACIÓN GENERAL
campo de control de longitud fija t|
008 - DATOS DE LONGITUD FIJA--INFORMACIÓN GENERAL
campo de control de longitud fija 070214s1964 mx r ||||1| spa d
100 1# - ENTRADA PRINCIPAL--NOMBRE DE PERSONA
Nombre de persona Sweezy, Paul M.
9 (RLIN) 108935
245 10 - MENCIÓN DEL TÍTULO
Título Teoría del desarrollo capitalista /
Mención de responsabilidad, etc. Paul M. Sweezy ; [versión de Hernán Laborde].
250 ## - MENCION DE EDICION
Mención de edición [4ª ed.].
260 ## - PUBLICACIÓN, DISTRIBUCIÓN, ETC.
Lugar de publicación, distribución, etc. México [etc.] :
Nombre del editor, distribuidor, etc. Fondo de Cultura Económica,
Fecha de publicación, distribución, etc. [1964] (
Fabricante Litoarte)
300 ## - DESCRIPCIÓN FÍSICA
Extensión 431 p. ;
Dimensiones 21 cm.
700 1# - ENTRADA AGREGADA--NOMBRE PERSONAL
Nombre de persona Laborde, Hernán.
9 (RLIN) 69249
852 ## - LOCALIZACIÓN
Ubicación ES-MaACL
Número de control de estantería C-34679
Sublocalización o colección R.67408
Existencias
Estatus retirado Estado de pérdida Estado de daño No para préstamo Biblioteca de origen Biblioteca actual Ubicación en estantería Fecha de adquisición Fuente de adquisición Total de préstamos Signatura topográfica completa Código de barras Visto por última vez Precio de reemplazo Tipo de ítem Koha
        Biblioteca del Ateneo de Madrid Biblioteca del Ateneo de Madrid Depósito 2 17/01/2008     C-34679 1155607 23/02/2023 23/02/2023 Libro impreso